00636nam a2200169 a 450000100100000000500170001000800410002704000250006808200140009324500450010726000580015230000270021050000910023704900090032895201120033799900170044900003189720200930063250.0110707s2003 dr a 000 0 spa d aDO-SdBNPbspacBNPHU axxxxbJ6200aJoaquín Rosario :benigmas del tiempo. aSanto Domingo :bMontmartre Galería de Arte,c2003. a12 p. :bil. ;c29 cm. aExposición presentada en la galería de arte Montmartre del 12-28 de junio del 2003 aBNPD 0010718PDaPDbPDcCTd2011-07-07iLF1l0oxxxx J62p31897-10r2020-06-25w2020-06-25yLFPDZNo se presta c31388d31388